| 000 | 00392nam a22001697a 4500 | ||
|---|---|---|---|
| 005 | 20200520153319.0 | ||
| 008 | 200520b xxu||||| |||| 00| 0 eng d | ||
| 020 | _a9788174733443 | ||
| 041 | _aeng | ||
| 082 | _a616 PAN | ||
| 100 |
_aPanda, U N _95649 |
||
| 245 | _aHandbook of Pathology | ||
| 260 |
_aDelhi _bAITBS PUBLISHERS |
||
| 300 | _a302p. | ||
| 650 |
_aPharmacy _95650 |
||
| 942 | _cBK | ||
| 999 |
_c6351 _d6349 |
||